Statistics for Destiny general Knowledge of awesome!

Click here to take the quiz!

General Stats

  • This quiz has been taken 184 times
  • The average score is 11 of 15

Answer Stats

Hint Answer % Correct
The main currency used in the game.Glimmer
98%
What is the blue damage type?Arc
88%
What is the orange damage type?Solar
87%
What is the purple damage typeVoid
87%
What is the final boss in Vault of Glass raid?Atheon
81%
What material can you only get from the cosmodrome?Spin metal
81%
What material can you only get from Venus?Spirit bloom
80%
Currency used to buy crucible gear.Crucible marks
76%
What material can you only get from Mars?Relic iron
76%
Currency used to buy vanguard gear.Vanguard marks
75%
What planet do you first see the traveller from?Mars
72%
What material can you only get from the Moon?Helium filaments
70%
What is the big ball that you try to protect called?The traveler
68%
What is your companion?A ghost
49%
Where on Earth is the Tower situated?Old Russia
43%

Score Distribution

Percentile by Number Answered

Percent of People with Each Score

Your Score History

You have not taken this quiz